000 00403pab a2200157 454500
008 180718b1958 xxu||||| |||| 00| 0 eng d
100 _aMehta, Balvantray
245 _aPublic enterprises and parliamentary control
260 _c1958
300 _ap.143-153.
362 _aApr-Jun
650 _aPublic sector
773 _aIndian Journal of Public Administration
908 _aN
909 _a100571
999 _c100570
_d100570